| 000 | 00750nam a2200205 a 4500 | ||
|---|---|---|---|
| 001 | 000040699 | ||
| 005 | 20240322173701.0 | ||
| 008 | 130905s2008 dr 000 0 spa d | ||
| 020 | _a9789945443349 | ||
| 040 |
_aDO-SdBNP _bspa _cBNPHU |
||
| 082 |
_axxx _bxxx |
||
| 100 | 1 |
_aAndújar Scheker, Julio G., _d1966- _964308 |
|
| 245 | 1 | 3 |
_aUn modelo macroeconómico de pequeña escala para la República Dominicana / _cJulio Gabriel Andújar Scheker, Alexander Medina Féliz. |
| 260 |
_aSanto Domingo, : _bBanco Central de la República Dominicana, _c2008. |
||
| 300 |
_a60 p. ; _c28 cm. |
||
| 490 | 1 |
_aEstudios económicos _v2 |
|
| 504 | _aBibliografía p: 47-51 | ||
| 700 | 1 |
_aMedina Féliz, Alexander _967073 |
|
| 830 | 0 |
_aEstudios económicos _v2 _967074 |
|
| 999 |
_c40189 _d40189 |
||